000 00765nam a2200253Ia 4500
003 OSt
005 20221005035526.0
006 a|||||r|||| 00| 0
007 ta
008 221004b |||||||| |||| 00| 0 urd d
020 _a9789380919805 (hbk)
_c300
024 _a25595
037 _b4625, 31/12/2015, Kitabi Duniya
_cTextual
040 _aCRL
_cCRL
_burd
041 _2urd
_aurd
082 _aO168,1:gN, Q3
100 _aSingh Dharmveer
_9588356
245 0 _aJadeed urdu nazm mein Hindustani anasir (1874-1947)
260 _aDelhi
_bKitabi Duniya India
_c2013
300 _a284p.
_ccm.
650 _aURDU POETRY
942 _hO168,1:gN, Q3
_cTEXL
_2cc
999 _c945294
_d945294